000 00533nam a2200217Ia 4500
003 OSt
005 20220924134510.0
006 a|||||r|||| 00| 0
007 ta
008 220923b |||||||| |||| 00| 0 snd d
024 _a274805
037 _cTextual
040 _aARTS
_cARTS
_bsnd
041 _2snd
_asnd
082 _aV44Q74.N5, 1593J6
100 _aHarijan
_9208555
245 0 _aTarikh-e-Ragistan
260 _c1956
942 _hV44Q74.N5, 1593J6
_cTEXL
_2CC
999 _c437480
_d437480